Kariéra s HN
Z obsahu prílohy: Od radových pracovníkov až po vrcholový manažment. V osídlach úspechu. Študijné pobyty pre stredoškolákov. Oznamy o voľných pracovných miestach.
Salvato in:
| Autore principale: | |
|---|---|
| Altri autori: | |
| Natura: | Capitolo di libro |
| Lingua: | slovacco |
| Soggetti: | |
| Tags: |
Nessun Tag, puoi essere il primo ad aggiungerne!!
|
MARC
| LEADER | 00000naa a2200000 4500 | ||
|---|---|---|---|
| 001 | r020683 | ||
| 005 | 20230801103332.0 | ||
| 041 | 0 | |a slo | |
| 044 | |a SK | ||
| 245 | 1 | 0 | |a Kariéra s HN |c J. Hyžová, R. Kuchta |
| 520 | |a Z obsahu prílohy: Od radových pracovníkov až po vrcholový manažment. V osídlach úspechu. Študijné pobyty pre stredoškolákov. Oznamy o voľných pracovných miestach. | ||
| 610 | 2 | 0 | |a kariéra |
| 610 | 2 | 0 | |a miesta pracovné |
| 610 | 2 | 0 | |a manažment |
| 610 | 2 | 0 | |a miesta voľné |
| 100 | 1 | |a Hyžová, J. | |
| 700 | 1 | |a Kuchta, R. | |